000 00998nam a22003017a 4500
003 CHAP
005 20220329140849.0
008 971013s1995 r 10010 d
010 _a58880
011 _a59852
035 _a64012
040 _cCHAP
082 _a636.2063
_bC65 1995
111 0 0 _aCongreso Nacional de Buiatría (
_n19
_d: 1995
_c: Torreón, Coah.)
_926907
245 _aMemorias
260 _aTorreón, Coah. :
_bAsociación Mexicana de Médicos Veterinarios Especialistas en Bovinos,
_c1995
300 _a527 p.
500 _aContiene 129 trabajos
590 _aBATCH-UPD
_b10
_c20130110
_lUCH01
_h0408
590 _aBATCH-UPD
_b10
_c20130111
_lUCH01
_h0002
590 _aBATCH-UPD
_b10
_c20130410
_lUCH01
_h0042
590 _aBATCH-UPD
_b10
_c20130914
_lUCH01
_h1031
590 _aCONVERSION
_b10
_c20130109
_lUCH01
_h1332
650 1 4 _aGanado vacuno
_xCongresos.
_945447
901 _aBK
942 _cLIBRO
949 _a636.2063 C65 1995
_bBC
_cCONG
_d-138548
_eCONG
_h89833
_i64012
_mD
_si
999 _c58880
_d58880